| 000 | 00680nam a2200217 a 4500 | ||
|---|---|---|---|
| 999 |
_c4724 _d4724 |
||
| 001 | 4725 | ||
| 003 | BD-JhCC | ||
| 005 | 20171130172834.0 | ||
| 008 | 171009s1969 bg |||| | a| 000 0 ben d | ||
| 035 | _a(BD-JhCC) 4725 | ||
| 040 |
_aBD-JhCC _dBD-JhCC |
||
| 041 | _aben | ||
| 082 |
_a891.443 _bSID 1969 |
||
| 100 | _aসিদ্দিকী, আনিস | ||
| 245 |
_a মুক্তি সংগ্রামে নাসের / _cআনিস সিদ্দিকী |
||
| 260 |
_aঢাকা : _bস্টুডেন্ট ওয়েজ, _c১৯৬৯. |
||
| 300 |
_a১৬৪ p. : _c21 cm. |
||
| 650 | _aShort stories,Bengali | ||
| 942 |
_2ddc _cBK |
||